<?xml version="1.0" encoding="UTF-8"?>
<record
    xmlns:xsi="http://www.w3.org/2001/XMLSchema-instance"
    xsi:schemaLocation="http://www.loc.gov/MARC21/slim http://www.loc.gov/standards/marcxml/schema/MARC21slim.xsd"
    xmlns="http://www.loc.gov/MARC21/slim">

  <leader>01872nam0a2200397   4500</leader>
  <controlfield tag="001">RU\NLR\BIBL_A\016336980</controlfield>
  <controlfield tag="005">20260405054458.0</controlfield>
  <datafield tag="010" ind1=" " ind2=" ">
    <subfield code="a">978-5-901495-22-3</subfield>
  </datafield>
  <datafield tag="010" ind1=" " ind2=" ">
    <subfield code="a">978-5-87991-131-2</subfield>
    <subfield code="9">1000</subfield>
  </datafield>
  <datafield tag="035" ind1=" " ind2=" ">
    <subfield code="a">(RuMoRGB)010114334</subfield>
  </datafield>
  <datafield tag="035" ind1=" " ind2=" ">
    <subfield code="a">(NLR Aleph) 016336980</subfield>
  </datafield>
  <datafield tag="090" ind1=" " ind2=" ">
    <subfield code="a">13079201</subfield>
    <subfield code="c">13079201</subfield>
  </datafield>
  <datafield tag="100" ind1=" " ind2=" ">
    <subfield code="a">20230407d2017    |||y0rusy50      ca</subfield>
  </datafield>
  <datafield tag="101" ind1="0" ind2=" ">
    <subfield code="a">rus</subfield>
  </datafield>
  <datafield tag="102" ind1=" " ind2=" ">
    <subfield code="a">RU</subfield>
  </datafield>
  <datafield tag="105" ind1=" " ind2=" ">
    <subfield code="a">agc z   001yy</subfield>
  </datafield>
  <datafield tag="181" ind1=" " ind2="0">
    <subfield code="a">i </subfield>
    <subfield code="b">axxe  </subfield>
  </datafield>
  <datafield tag="182" ind1=" " ind2="0">
    <subfield code="a">n</subfield>
  </datafield>
  <datafield tag="200" ind1="1" ind2=" ">
    <subfield code="a">&#x41C;&#x443;&#x437;&#x44B;&#x43A;&#x430;. &#x421;&#x43B;&#x43E;&#x432;&#x43E;. &#x411;&#x435;&#x437;&#x43C;&#x43E;&#x43B;&#x432;&#x438;&#x435;</subfield>
    <subfield code="e">&#x441;&#x431;&#x43E;&#x440;&#x43D;&#x438;&#x43A; &#x441;&#x442;&#x430;&#x442;&#x435;&#x439; &#x43E; &#x413;&#x443;&#x441;&#x442;&#x430;&#x432;&#x435; &#x41C;&#x430;&#x43B;&#x435;&#x440;&#x435;</subfield>
    <subfield code="f">&#x418;&#x43D;&#x43D;&#x430; &#x411;&#x430;&#x440;&#x441;&#x43E;&#x432;&#x430;</subfield>
    <subfield code="g">&#x43E;&#x431;&#x449;&#x430;&#x44F; &#x440;&#x435;&#x434;&#x430;&#x43A;&#x446;&#x438;&#x44F;: &#x41E;&#x43B;&#x435;&#x441;&#x44F; &#x411;&#x43E;&#x431;&#x440;&#x438;&#x43A;</subfield>
  </datafield>
  <datafield tag="203" ind1=" " ind2=" ">
    <subfield code="a">&#x422;&#x435;&#x43A;&#x441;&#x442;</subfield>
    <subfield code="b">&#x432;&#x438;&#x437;&#x443;&#x430;&#x43B;&#x44C;&#x43D;&#x44B;&#x439;</subfield>
    <subfield code="c">&#x43D;&#x435;&#x43F;&#x43E;&#x441;&#x440;&#x435;&#x434;&#x441;&#x442;&#x432;&#x435;&#x43D;&#x43D;&#x44B;&#x439;</subfield>
  </datafield>
  <datafield tag="210" ind1=" " ind2=" ">
    <subfield code="a">&#x421;&#x430;&#x43D;&#x43A;&#x442;-&#x41F;&#x435;&#x442;&#x435;&#x440;&#x431;&#x443;&#x440;&#x433;</subfield>
    <subfield code="c">&#x418;&#x437;&#x434;-&#x432;&#x43E; &#x438;&#x43C;&#x435;&#x43D;&#x438; &#x41D;. &#x418;. &#x41D;&#x43E;&#x432;&#x438;&#x43A;&#x43E;&#x432;&#x430;</subfield>
    <subfield code="c">&#x418;&#x437;&#x434;&#x430;&#x442;&#x435;&#x43B;&#x44C;&#x441;&#x43A;&#x438;&#x439; &#x434;&#x43E;&#x43C; "&#x413;&#x430;&#x43B;&#x438;&#x43D;&#x430; &#x441;&#x43A;&#x440;&#x438;&#x43F;&#x441;&#x438;&#x442;"</subfield>
    <subfield code="d">2017</subfield>
  </datafield>
  <datafield tag="215" ind1=" " ind2=" ">
    <subfield code="a">507, [1] &#x441;., [4] &#x43B;. &#x446;&#x432;. &#x438;&#x43B;., &#x43F;&#x43E;&#x440;&#x442;&#x440;.</subfield>
    <subfield code="c">&#x438;&#x43B;., &#x43D;&#x43E;&#x442;&#x44B;, &#x43F;&#x43E;&#x440;&#x442;&#x440;.</subfield>
    <subfield code="d">23</subfield>
  </datafield>
  <datafield tag="225" ind1="1" ind2=" ">
    <subfield code="a">&#x41E;&#x442;&#x435;&#x447;&#x435;&#x441;&#x442;&#x432;&#x435;&#x43D;&#x43D;&#x44B;&#x435; &#x43C;&#x443;&#x437;&#x44B;&#x43A;&#x43E;&#x432;&#x435;&#x434;&#x44B;</subfield>
    <subfield code="i">&#x418;&#x437;&#x431;&#x440;&#x430;&#x43D;&#x43D;&#x43E;&#x435;</subfield>
  </datafield>
  <datafield tag="300" ind1=" " ind2=" ">
    <subfield code="a">&#x41D;&#x430; &#x43E;&#x431;&#x43B;. &#x430;&#x432;&#x442;. &#x43D;&#x435; &#x443;&#x43A;&#x430;&#x437;&#x430;&#x43D;</subfield>
  </datafield>
  <datafield tag="320" ind1=" " ind2=" ">
    <subfield code="a">&#x411;&#x438;&#x431;&#x43B;&#x438;&#x43E;&#x433;&#x440;. &#x432; &#x43F;&#x43E;&#x434;&#x441;&#x442;&#x440;&#x43E;&#x447;. &#x43F;&#x440;&#x438;&#x43C;&#x435;&#x447;.</subfield>
  </datafield>
  <datafield tag="320" ind1=" " ind2=" ">
    <subfield code="a">&#x421;&#x43F;&#x438;&#x441;&#x43E;&#x43A; &#x43E;&#x43F;&#x443;&#x431;&#x43B;. &#x442;&#x440;. &#x418;. &#x410;. &#x411;&#x430;&#x440;&#x441;&#x43E;&#x432;&#x43E;&#x439;: &#x441;. 470-489</subfield>
  </datafield>
  <datafield tag="320" ind1=" " ind2=" ">
    <subfield code="a">&#x423;&#x43A;&#x430;&#x437;. &#x438;&#x43C;&#x435;&#x43D;: &#x441;. 490-508</subfield>
  </datafield>
  <datafield tag="600" ind1=" " ind2="1">
    <subfield code="a">&#x41C;&#x430;&#x43B;&#x435;&#x440;</subfield>
    <subfield code="b">&#x413;.</subfield>
    <subfield code="f">1860 - 1911</subfield>
    <subfield code="g">&#x413;&#x443;&#x441;&#x442;&#x430;&#x432;</subfield>
    <subfield code="9">1595537</subfield>
    <subfield code="3">RU\NLR\AUTH\66701718</subfield>
  </datafield>
  <datafield tag="686" ind1="1" ind2=" ">
    <subfield code="a">&#x429;313(4&#x410;)53-81&#x41C;&#x430;&#x43B;&#x435;&#x440; &#x44F;44</subfield>
  </datafield>
  <datafield tag="700" ind1=" " ind2="1">
    <subfield code="a">&#x411;&#x430;&#x440;&#x441;&#x43E;&#x432;&#x430;</subfield>
    <subfield code="b">&#x418;. &#x410;.</subfield>
    <subfield code="f">1927-</subfield>
    <subfield code="g">&#x418;&#x43D;&#x43D;&#x430; &#x410;&#x43B;&#x435;&#x43A;&#x441;&#x435;&#x435;&#x432;&#x43D;&#x430;</subfield>
  </datafield>
  <datafield tag="702" ind1=" " ind2="1">
    <subfield code="4">570</subfield>
    <subfield code="8">rus</subfield>
    <subfield code="7">ca</subfield>
    <subfield code="a">&#x41C;&#x430;&#x43B;&#x435;&#x440;</subfield>
    <subfield code="b">&#x413;.</subfield>
    <subfield code="f">1860-1911</subfield>
    <subfield code="g">&#x413;&#x443;&#x441;&#x442;&#x430;&#x432;</subfield>
    <subfield code="3">RU\NLR\AUTH\7718194</subfield>
    <subfield code="9">1276</subfield>
  </datafield>
  <datafield tag="702" ind1=" " ind2="1">
    <subfield code="4">340</subfield>
    <subfield code="7">ca</subfield>
    <subfield code="8">rus</subfield>
    <subfield code="a">&#x411;&#x43E;&#x431;&#x440;&#x438;&#x43A;</subfield>
    <subfield code="b">&#x41E;. &#x410;.</subfield>
    <subfield code="g">&#x41E;&#x43B;&#x435;&#x441;&#x44F; &#x410;&#x43D;&#x430;&#x442;&#x43E;&#x43B;&#x44C;&#x435;&#x432;&#x43D;&#x430;</subfield>
    <subfield code="9">196680</subfield>
    <subfield code="3">RU\NLR\AUTH\770196731</subfield>
  </datafield>
  <datafield tag="942" ind1=" " ind2=" ">
    <subfield code="c">BOOK</subfield>
  </datafield>
  <datafield tag="980" ind1=" " ind2=" ">
    <subfield code="a">NB</subfield>
  </datafield>
  <datafield tag="995" ind1=" " ind2=" ">
    <subfield code="5">2023-04-07</subfield>
    <subfield code="a">aa</subfield>
    <subfield code="b">NLR01</subfield>
    <subfield code="c">NLR01</subfield>
    <subfield code="e">RF81</subfield>
    <subfield code="f">1-4212874</subfield>
    <subfield code="k">2024-5/748</subfield>
    <subfield code="o">0</subfield>
    <subfield code="p">1561.67</subfield>
    <subfield code="r">BOOK</subfield>
    <subfield code="s">20245748_</subfield>
  </datafield>
  <datafield tag="995" ind1=" " ind2=" ">
    <subfield code="5">2023-04-07</subfield>
    <subfield code="a">aa</subfield>
    <subfield code="b">NLR01</subfield>
    <subfield code="c">NLR01</subfield>
    <subfield code="e">RF81</subfield>
    <subfield code="f">1-4212875</subfield>
    <subfield code="k">2024-5/748</subfield>
    <subfield code="o">0</subfield>
    <subfield code="p">1561.67</subfield>
    <subfield code="r">BOOK</subfield>
    <subfield code="s">20245748_</subfield>
  </datafield>
</record>
